[Event "Mundial Fide Femenino"]
[Site "?"]
[Date "2021.09.30"]
[Round "7.2"]
[White "Lagno, Kateryna"]
[Black "Lujan, Carolina"]
[Result "1/2-1/2"]
[BlackElo "2375"]
[WhiteElo "2521"]
[LiveChessVersion "1.4.8"]

1. e4 {[%clk 0:45:17]} c5 {[%clk 0:45:17]} 2. Nf3 {[%clk 0:45:25]} Nc6
{[%clk 0:45:22]} 3. Nc3 {[%clk 0:45:30]} e5 {[%clk 0:45:17]} 4. Bc4
{[%clk 0:45:37]} Be7 {[%clk 0:45:15]} 5. d3 {[%clk 0:45:43]} d6 {[%clk 0:45:02]}
6. O-O {[%clk 0:45:44]} h6 {[%clk 0:44:47]} 7. Ne1 {[%clk 0:45:43]} Nf6
{[%clk 0:44:51]} 8. f4 {[%clk 0:45:49]} exf4 {[%clk 0:44:52]} 9. Bxf4
{[%clk 0:45:54]} O-O {[%clk 0:44:41]} 10. Nf3 {[%clk 0:45:56]} Be6
{[%clk 0:44:28]} 11. Nd5 {[%clk 0:45:54]} a6 {[%clk 0:43:23]} 12. a3
{[%clk 0:43:45]} b5 {[%clk 0:43:27]} 13. Ba2 {[%clk 0:43:39]} Bxd5
{[%clk 0:35:10]} 14. Bxd5 {[%clk 0:43:25]} Nxd5 {[%clk 0:34:41]} 15. exd5
{[%clk 0:43:34]} Ne5 {[%clk 0:33:10]} 16. Qd2 {[%clk 0:32:19]} Ra7
{[%clk 0:23:38]} 17. Rae1 {[%clk 0:29:13]} Ng6 {[%clk 0:21:02]} 18. Be3
{[%clk 0:26:44]} a5 {[%clk 0:21:02]} 19. b4 {[%clk 0:26:44]} axb4
{[%clk 0:21:02]} 20. axb4 {[%clk 0:26:44]} Ra4 {[%clk 0:21:02]} 21. Rb1
{[%clk 0:26:44]} Qd7 {[%clk 0:21:02]} 22. c4 {[%clk 0:26:44]} cxb4
{[%clk 0:21:02]} 23. Rxb4 {[%clk 0:26:44]} Rxb4 {[%clk 0:21:02]} 24. Qxb4
{[%clk 0:26:44]} bxc4 {[%clk 0:21:02]} 25. dxc4 {[%clk 0:26:44]} Bf6
{[%clk 0:21:02]} 26. Qd2 {[%clk 0:26:44]} Ne5 {[%clk 0:21:02]} 27. Nxe5
{[%clk 0:26:44]} Bxe5 {[%clk 0:21:02]} 28. Bd4 {[%clk 0:26:44]} Bxd4+
{[%clk 0:21:02]} 29. Qxd4 {[%clk 0:26:44]} Re8 {[%clk 0:21:02]} 30. h3
{[%clk 0:26:44]} Qc7 {[%clk 0:21:02]} 31. Kh2 {[%clk 0:26:44]} Qe7
{[%clk 0:21:02]} 1/2-1/2

[Event "Mundial Fide Femenino"]
[Site "?"]
[Date "2021.09.30"]
[Round "7.3"]
[White "Ouellet, Maili-Jade"]
[Black "Shuvalova, Polina"]
[Result "1/2-1/2"]
[BlackElo "2383"]
[WhiteElo "2113"]
[LiveChessVersion "1.4.8"]

1. d4 {[%clk 0:45:18]} Nf6 {[%clk 0:45:18]} 2. c4 {[%clk 0:45:26]} e6
{[%clk 0:45:25]} 3. Nc3 {[%clk 0:45:34]} Bb4 {[%clk 0:45:29]} 4. e3
{[%clk 0:45:43]} O-O {[%clk 0:45:35]} 5. Bd3 {[%clk 0:45:50]} d5 {[%clk 0:45:40]}
6. Nge2 {[%clk 0:45:58]} b6 {[%clk 0:44:14]} 7. O-O {[%clk 0:45:44]} dxc4
{[%clk 0:43:16]} 8. Bxc4 {[%clk 0:45:50]} Bb7 {[%clk 0:43:23]} 9. Qd3
{[%clk 0:44:45]} Nc6 {[%clk 0:42:19]} 10. a3 {[%clk 0:44:12]} Bxc3
{[%clk 0:41:46]} 11. Nxc3 {[%clk 0:41:45]} Qe7 {[%clk 0:41:36]} 12. b4
{[%clk 0:40:03]} e5 {[%clk 0:40:57]} 13. b5 {[%clk 0:37:35]} Na5 {[%clk 0:40:43]}
14. Ba2 {[%clk 0:37:10]} Rad8 {[%clk 0:39:49]} 15. Bb2 {[%clk 0:35:59]} c5
{[%clk 0:36:29]} 16. bxc6 {[%clk 0:34:29]} Nxc6 {[%clk 0:36:16]} 17. d5
{[%clk 0:33:52]} e4 {[%clk 0:36:10]} 18. Qc2 {[%clk 0:31:33]} Ne5
{[%clk 0:33:25]} 19. Nxe4 {[%clk 0:29:29]} Nxd5 {[%clk 0:31:07]} 20. Ng3
{[%clk 0:28:45]} Rc8 {[%clk 0:25:53]} 21. Qa4 {[%clk 0:25:53]} Nc3
{[%clk 0:22:28]} 22. Qxa7 {[%clk 0:20:22]} Nxa2 {[%clk 0:17:07]} 23. Bxe5
{[%clk 0:19:20]} Ra8 {[%clk 0:15:35]} 24. Qxb6 {[%clk 0:19:11]} Qxe5
{[%clk 0:15:15]} 25. Qxb7 {[%clk 0:18:59]} Rxa3 {[%clk 0:15:21]} 26. Rfb1
{[%clk 0:16:15]} g6 {[%clk 0:14:39]} 27. Qb2 {[%clk 0:13:40]} Qxb2
{[%clk 0:14:22]} 28. Rxb2 {[%clk 0:13:49]} Rfa8 {[%clk 0:14:25]} 29. Nf1
{[%clk 0:13:00]} Nc3 {[%clk 0:13:56]} 30. Rxa3 {[%clk 0:13:02]} Rxa3
{[%clk 0:14:05]} 31. g4 {[%clk 0:12:25]} Ra5 {[%clk 0:12:41]} 32. Ng3
{[%clk 0:12:12]} Nd5 {[%clk 0:12:46]} 33. Kg2 {[%clk 0:11:56]} Nf6
{[%clk 0:12:51]} 34. Rb4 {[%clk 0:10:36]} h5 {[%clk 0:12:48]} 35. h3
{[%clk 0:10:29]} hxg4 {[%clk 0:12:47]} 36. hxg4 {[%clk 0:10:38]} Kg7
{[%clk 0:12:54]} 37. Ne2 {[%clk 0:09:48]} Re5 {[%clk 0:12:52]} 38. Nc3
{[%clk 0:09:25]} Rc5 {[%clk 0:12:54]} 39. Na4 {[%clk 0:09:20]} Re5
{[%clk 0:12:56]} 40. Kf3 {[%clk 0:09:07]} Rg5 {[%clk 0:12:52]} 41. Nb2
{[%clk 0:08:20]} Ra5 {[%clk 0:12:37]} 42. Nd3 {[%clk 0:07:57]} Rd5
{[%clk 0:12:43]} 43. Nf4 {[%clk 0:07:48]} Re5 {[%clk 0:12:28]} 44. Nh3
{[%clk 0:07:29]} Ra5 {[%clk 0:12:27]} 45. g5 {[%clk 0:07:02]} Nh7
{[%clk 0:12:05]} 46. Kg4 {[%clk 0:06:52]} Re5 {[%clk 0:11:57]} 47. e4
{[%clk 0:05:57]} Ra5 {[%clk 0:10:43]} 48. f4 {[%clk 0:05:47]} Nf8
{[%clk 0:10:35]} 49. f5 {[%clk 0:05:23]} gxf5+ {[%clk 0:10:30]} 50. exf5
{[%clk 0:05:32]} Nd7 {[%clk 0:09:13]} 51. Kf4 {[%clk 0:03:46]} Ra7
{[%clk 0:08:16]} 52. Nf2 {[%clk 0:03:43]} f6 {[%clk 0:08:10]} 53. Ne4
{[%clk 0:02:55]} fxg5+ {[%clk 0:08:06]} 54. Kxg5 {[%clk 0:02:58]} Rc7
{[%clk 0:07:14]} 55. Rb5 {[%clk 0:02:27]} Nf8 {[%clk 0:06:03]} 56. Nc5
{[%clk 0:02:19]} Kf7 {[%clk 0:05:57]} 57. Ne4 {[%clk 0:02:18]} Kg7
{[%clk 0:06:00]} 58. Rb6 {[%clk 0:02:19]} Rd7 {[%clk 0:05:42]} 59. f6+
{[%clk 0:01:37]} Kf7 {[%clk 0:05:45]} 60. Nd6+ {[%clk 0:01:37]} Kg8
{[%clk 0:04:54]} 61. Kf5 {[%clk 0:01:43]} Rd8 {[%clk 0:04:55]} 62. Ra6
{[%clk 0:01:44]} Rd7 {[%clk 0:04:55]} 63. Nc4 {[%clk 0:01:23]} Rd5+
{[%clk 0:04:12]} 64. Ke4 {[%clk 0:01:26]} Rd1 {[%clk 0:04:19]} 65. Ra7
{[%clk 0:01:10]} Nd7 {[%clk 0:03:50]} 66. Kf5 {[%clk 0:00:29]} 1/2-1/2

[Event "Mundial Fide Femenino"]
[Site "?"]
[Date "2021.09.30"]
[Round "7.5"]
[White "Danielian, Elina"]
[Black "Muzychuk, Anna"]
[Result "1/2-1/2"]
[BlackElo "2537"]
[WhiteElo "2358"]
[LiveChessVersion "1.4.8"]

1. d4 {[%clk 0:45:16]} Nf6 {[%clk 0:45:19]} 2. c4 {[%clk 0:45:24]} g6
{[%clk 0:45:28]} 3. g3 {[%clk 0:45:31]} c6 {[%clk 0:45:29]} 4. Bg2
{[%clk 0:45:34]} d5 {[%clk 0:45:37]} 5. cxd5 {[%clk 0:43:37]} cxd5
{[%clk 0:45:46]} 6. Nf3 {[%clk 0:42:55]} Bg7 {[%clk 0:45:52]} 7. Nc3
{[%clk 0:42:19]} O-O {[%clk 0:45:29]} 8. Ne5 {[%clk 0:42:02]} Bf5
{[%clk 0:45:19]} 9. O-O {[%clk 0:41:53]} Ne4 {[%clk 0:45:17]} 10. Qb3
{[%clk 0:34:25]} Nc6 {[%clk 0:41:16]} 11. Nxc6 {[%clk 0:34:08]} bxc6
{[%clk 0:41:24]} 12. Nxe4 {[%clk 0:31:20]} Bxe4 {[%clk 0:41:30]} 13. Bxe4
{[%clk 0:23:08]} dxe4 {[%clk 0:41:39]} 14. Be3 {[%clk 0:23:17]} Qd5
{[%clk 0:34:56]} 15. Qxd5 {[%clk 0:19:45]} cxd5 {[%clk 0:35:04]} 16. Rac1
{[%clk 0:19:25]} Rfb8 {[%clk 0:29:30]} 17. b3 {[%clk 0:17:28]} a5
{[%clk 0:27:57]} 18. Rc7 {[%clk 0:17:16]} Bf6 {[%clk 0:26:15]} 19. Bh6
{[%clk 0:09:24]} a4 {[%clk 0:18:58]} 20. Rfc1 {[%clk 0:07:03]} axb3
{[%clk 0:15:05]} 21. axb3 {[%clk 0:07:12]} e6 {[%clk 0:11:12]} 22. e3
{[%clk 0:05:04]} Bd8 {[%clk 0:07:07]} 23. Rd7 {[%clk 0:05:11]} Rxb3
{[%clk 0:05:59]} 24. Kg2 {[%clk 0:05:20]} Rbb8 {[%clk 0:05:28]} 25. Bf4
{[%clk 0:00:51]} Rb2 {[%clk 0:03:34]} 26. Bh6 {[%clk 0:00:59]} Rbb8
{[%clk 0:03:30]} 27. h4 {[%clk 0:00:48]} Ba5 {[%clk 0:02:58]} 28. g4
{[%clk 0:00:37]} Rd8 {[%clk 0:02:57]} 29. Rb7 {[%clk 0:00:35]} Rdb8
{[%clk 0:03:00]} 30. Rd7 {[%clk 0:00:27]} Rd8 {[%clk 0:03:09]} 31. Rb7
{[%clk 0:00:27]} Rdb8 {[%clk 0:03:16]} 32. Rd7 {[%clk 0:00:20]} Rd8
{[%clk 0:03:25]} 33. Rb7 {[%clk 0:00:22]} Rdb8 {[%clk 0:03:33]} 1/2-1/2

[Event "Mundial Fide Femenino"]
[Site "?"]
[Date "2021.09.30"]
[Round "7.6"]
[White "Muzychuk, Mariya"]
[Black "Mkrtchian, Lilit"]
[Result "1-0"]
[BlackElo "2306"]
[WhiteElo "2496"]
[LiveChessVersion "1.4.8"]

1. d4 {[%clk 0:45:17]} e6 {[%clk 0:44:54]} 2. c4 {[%clk 0:45:19]} Nf6
{[%clk 0:44:34]} 3. Nc3 {[%clk 0:45:26]} d5 {[%clk 0:43:23]} 4. cxd5
{[%clk 0:45:26]} exd5 {[%clk 0:43:32]} 5. Bg5 {[%clk 0:45:29]} Be7
{[%clk 0:43:33]} 6. e3 {[%clk 0:45:35]} c6 {[%clk 0:43:38]} 7. Bd3
{[%clk 0:45:37]} Nbd7 {[%clk 0:43:42]} 8. Qc2 {[%clk 0:44:56]} Nh5
{[%clk 0:42:08]} 9. Bxe7 {[%clk 0:44:55]} Qxe7 {[%clk 0:42:16]} 10. Nge2
{[%clk 0:44:57]} g6 {[%clk 0:41:31]} 11. O-O-O {[%clk 0:43:17]} Nb6
{[%clk 0:41:22]} 12. Ng3 {[%clk 0:43:02]} Nf6 {[%clk 0:36:44]} 13. h4
{[%clk 0:41:35]} Bg4 {[%clk 0:34:24]} 14. Rde1 {[%clk 0:41:29]} O-O-O
{[%clk 0:34:15]} 15. f3 {[%clk 0:41:21]} Be6 {[%clk 0:33:45]} 16. h5
{[%clk 0:41:29]} Kb8 {[%clk 0:32:35]} 17. Kb1 {[%clk 0:41:36]} c5
{[%clk 0:31:45]} 18. dxc5 {[%clk 0:39:16]} Qxc5 {[%clk 0:31:49]} 19. Nb5
{[%clk 0:38:48]} Nc4 {[%clk 0:26:29]} 20. Nd4 {[%clk 0:38:53]} Bd7
{[%clk 0:26:36]} 21. Qc3 {[%clk 0:33:04]} Qd6 {[%clk 0:24:38]} 22. Bxc4
{[%clk 0:29:55]} Qxg3 {[%clk 0:19:28]} 23. Bb5 {[%clk 0:29:59]} Rc8
{[%clk 0:16:04]} 24. Qb4 {[%clk 0:28:51]} Bxb5 {[%clk 0:15:30]} 25. Nxb5
{[%clk 0:28:59]} a6 {[%clk 0:13:02]} 26. Nd6 {[%clk 0:21:33]} Rc7
{[%clk 0:13:00]} 27. Rc1 {[%clk 0:21:32]} Rd7 {[%clk 0:12:17]} 28. Rc6
{[%clk 0:21:34]} Rhd8 {[%clk 0:09:05]} 29. Rb6 {[%clk 0:21:30]} Rxd6
{[%clk 0:08:16]} 30. Rxb7+ {[%clk 0:21:39]} Ka8 {[%clk 0:08:25]} 31. Rc1
{[%clk 0:21:19]} R6d7 {[%clk 0:07:22]} 32. Rb6 {[%clk 0:18:38]} Rb8
{[%clk 0:02:03]} 33. Rxa6+ {[%clk 0:15:30]} Ra7 {[%clk 0:02:11]} 34. Rxa7+
{[%clk 0:10:53]} Kxa7 {[%clk 0:02:19]} 35. Qa5+ {[%clk 0:10:53]} Kb7
{[%clk 0:02:28]} 36. f4 {[%clk 0:10:46]} Ne8 {[%clk 0:01:27]} 37. Rc5
{[%clk 0:10:48]} Qxe3 {[%clk 0:01:09]} 38. Qb4+ {[%clk 0:10:55]} Ka8
{[%clk 0:00:27]} 39. Ra5+ {[%clk 0:11:01]} Qa7 {[%clk 0:00:19]} 40. Rxa7+
{[%clk 0:10:53]} Kxa7 {[%clk 0:00:27]} 41. Qa5+ {[%clk 0:11:03]} 1-0

[Event "Mundial Fide Femenino"]
[Site "?"]
[Date "2021.09.30"]
[Round "7.9"]
[White "Mammadzada, Gunay"]
[Black "Dzagnidze, Nana"]
[Result "1/2-1/2"]
[BlackElo "2455"]
[WhiteElo "2280"]
[LiveChessVersion "1.4.8"]

1. e4 {[%clk 0:45:16]} c6 {[%clk 0:45:17]} 2. d4 {[%clk 0:45:25]} d5
{[%clk 0:45:26]} 3. Nc3 {[%clk 0:45:32]} dxe4 {[%clk 0:45:33]} 4. Nxe4
{[%clk 0:45:39]} Bf5 {[%clk 0:45:40]} 5. Ng3 {[%clk 0:45:48]} Bg6
{[%clk 0:45:49]} 6. h4 {[%clk 0:45:55]} h6 {[%clk 0:45:57]} 7. Nf3
{[%clk 0:46:04]} Nd7 {[%clk 0:46:03]} 8. Bd3 {[%clk 0:46:12]} Bxd3
{[%clk 0:46:10]} 9. Qxd3 {[%clk 0:46:20]} e6 {[%clk 0:46:16]} 10. Bf4
{[%clk 0:46:10]} Ngf6 {[%clk 0:45:27]} 11. O-O-O {[%clk 0:46:17]} Be7
{[%clk 0:44:51]} 12. Kb1 {[%clk 0:46:17]} O-O {[%clk 0:40:17]} 13. Ne4
{[%clk 0:46:19]} Nxe4 {[%clk 0:40:03]} 14. Qxe4 {[%clk 0:46:28]} Nf6
{[%clk 0:40:08]} 15. Qe2 {[%clk 0:46:34]} Qd5 {[%clk 0:40:10]} 16. Ne5
{[%clk 0:44:39]} Qe4 {[%clk 0:36:29]} 17. Qxe4 {[%clk 0:41:38]} Nxe4
{[%clk 0:36:30]} 18. Rde1 {[%clk 0:41:23]} Nd6 {[%clk 0:30:16]} 19. g4
{[%clk 0:40:14]} Rfd8 {[%clk 0:29:47]} 20. c3 {[%clk 0:37:21]} Rac8
{[%clk 0:27:14]} 21. g5 {[%clk 0:35:23]} Nf5 {[%clk 0:26:51]} 22. g6
{[%clk 0:34:16]} fxg6 {[%clk 0:26:42]} 23. Nxg6 {[%clk 0:34:17]} Bf6
{[%clk 0:25:09]} 24. h5 {[%clk 0:28:38]} Kf7 {[%clk 0:24:28]} 25. Re2
{[%clk 0:24:06]} c5 {[%clk 0:23:25]} 26. dxc5 {[%clk 0:24:09]} Rxc5
{[%clk 0:23:33]} 27. Rhe1 {[%clk 0:24:15]} Nh4 {[%clk 0:15:26]} 28. Nxh4
{[%clk 0:11:13]} Bxh4 {[%clk 0:15:27]} 29. Be5 {[%clk 0:09:14]} Bf6
{[%clk 0:08:40]} 30. Bxf6 {[%clk 0:06:53]} gxf6 {[%clk 0:08:44]} 31. Rxe6
{[%clk 0:07:01]} Rd7 {[%clk 0:08:53]} 32. Re8 {[%clk 0:06:27]} Rxh5
{[%clk 0:08:33]} 33. Rh8 {[%clk 0:06:34]} Kg6 {[%clk 0:07:46]} 34. Kc2
{[%clk 0:04:10]} Rf5 {[%clk 0:04:58]} 35. Rg1+ {[%clk 0:03:26]} Rg5
{[%clk 0:05:02]} 36. Rh1 {[%clk 0:02:54]} Rh7 {[%clk 0:03:44]} 37. Rxh7
{[%clk 0:01:36]} Kxh7 {[%clk 0:03:52]} 38. Kd3 {[%clk 0:01:45]} Kg6
{[%clk 0:03:51]} 39. Ke4 {[%clk 0:01:49]} h5 {[%clk 0:03:37]} 40. b3
{[%clk 0:00:37]} Re5+ 41. Kf3 {[%clk 0:00:21]} Rd5 {[%clk 0:02:39]} 42. Ke3 Re5+
{[%clk 0:02:19]} 43. Kf3 {[%clk 0:00:18]} Rf5+ {[%clk 0:02:19]} 44. Ke3
{[%clk 0:00:23]} Re5+ {[%clk 0:02:11]} 45. Kf3 {[%clk 0:00:29]} Rf5+
{[%clk 0:02:19]} 46. Ke3 {[%clk 0:00:37]} 1/2-1/2

[Event "Mundial Fide Femenino"]
[Site "?"]
[Date "2021.09.30"]
[Round "7.10"]
[White "Batsiashvili, Nino"]
[Black "Mammadova, Gulnar"]
[Result "1/2-1/2"]
[BlackElo "2406"]
[WhiteElo "2371"]
[LiveChessVersion "1.4.8"]

1. d4 {[%clk 0:45:18]} d6 {[%clk 0:45:18]} 2. c4 {[%clk 0:45:17]} e5
{[%clk 0:45:26]} 3. Nc3 {[%clk 0:45:23]} exd4 {[%clk 0:45:26]} 4. Qxd4
{[%clk 0:45:31]} Nc6 {[%clk 0:45:34]} 5. Qd2 {[%clk 0:45:40]} Nf6
{[%clk 0:44:31]} 6. b3 {[%clk 0:44:49]} Be6 {[%clk 0:44:36]} 7. e4
{[%clk 0:44:57]} a5 {[%clk 0:44:36]} 8. Bd3 {[%clk 0:43:53]} Nb4 {[%clk 0:41:53]}
9. Bb2 {[%clk 0:40:02]} Nxd3+ {[%clk 0:41:01]} 10. Qxd3 {[%clk 0:40:11]} g6
{[%clk 0:39:00]} 11. Nge2 {[%clk 0:39:03]} Bg7 {[%clk 0:39:03]} 12. Nf4
{[%clk 0:37:37]} O-O {[%clk 0:38:28]} 13. O-O {[%clk 0:37:27]} Nd7
{[%clk 0:36:39]} 14. Qc2 {[%clk 0:34:56]} Ne5 {[%clk 0:34:30]} 15. Ncd5
{[%clk 0:30:20]} c6 {[%clk 0:29:27]} 16. Ne3 {[%clk 0:22:00]} Qh4
{[%clk 0:23:31]} 17. Nxe6 {[%clk 0:21:15]} fxe6 {[%clk 0:23:34]} 18. Rad1
{[%clk 0:21:24]} Rad8 {[%clk 0:22:37]} 19. Bxe5 {[%clk 0:18:27]} Bxe5
{[%clk 0:22:45]} 20. g3 {[%clk 0:18:37]} Qh3 {[%clk 0:22:28]} 21. Qe2
{[%clk 0:16:27]} c5 {[%clk 0:20:57]} 22. f4 {[%clk 0:16:12]} Bd4 {[%clk 0:20:43]}
23. Kh1 {[%clk 0:16:10]} Rd7 {[%clk 0:17:28]} 24. Rf3 {[%clk 0:12:26]} Rdf7
{[%clk 0:16:41]} 25. Rdf1 {[%clk 0:12:32]} Qh6 {[%clk 0:11:38]} 26. Nc2
{[%clk 0:10:34]} e5 {[%clk 0:09:37]} 27. Qd2 {[%clk 0:07:33]} b6 {[%clk 0:08:55]}
28. Kg2 {[%clk 0:05:19]} Qh5 {[%clk 0:05:08]} 29. h3 {[%clk 0:05:20]} Qh6
{[%clk 0:05:16]} 30. Qd3 {[%clk 0:03:56]} Re7 {[%clk 0:03:07]} 31. Ne3
{[%clk 0:02:55]} Bxe3 {[%clk 0:02:45]} 32. Qxe3 {[%clk 0:02:57]} exf4
{[%clk 0:02:33]} 33. Rxf4 {[%clk 0:03:04]} Rxf4 {[%clk 0:02:37]} 34. gxf4
{[%clk 0:02:22]} Qg7 {[%clk 0:02:32]} 35. Qd3 {[%clk 0:01:42]} Qf6
{[%clk 0:02:39]} 36. Qd5+ {[%clk 0:01:47]} Kg7 {[%clk 0:02:38]} 37. Rf2
{[%clk 0:01:55]} h5 {[%clk 0:01:31]} 38. Qd3 {[%clk 0:01:32]} Rf7
{[%clk 0:01:17]} 39. Qd5 {[%clk 0:01:25]} Kh7 {[%clk 0:01:01]} 40. Qd3
{[%clk 0:01:30]} Kg7 {[%clk 0:00:49]} 41. Qd5 {[%clk 0:01:39]} h4
{[%clk 0:00:42]} 42. Qd3 {[%clk 0:01:43]} g5 {[%clk 0:00:36]} 43. f5
{[%clk 0:01:22]} Qe5 {[%clk 0:00:45]} 44. Qf3 {[%clk 0:01:26]} Kf6
{[%clk 0:00:49]} 45. Re2 {[%clk 0:01:29]} g4 {[%clk 0:00:32]} 46. hxg4
{[%clk 0:01:35]} Rh7 {[%clk 0:00:19]} 47. Kh3 {[%clk 0:01:35]} Rg7
{[%clk 0:00:20]} 48. Rg2 {[%clk 0:01:27]} Rg5 {[%clk 0:00:27]} 49. Qe3
{[%clk 0:01:17]} Qa1 {[%clk 0:00:31]} 50. Kxh4 {[%clk 0:01:00]} Qh1+
{[%clk 0:00:39]} 51. Kg3 {[%clk 0:01:09]} Rxg4+ {[%clk 0:00:33]} 52. Kxg4
{[%clk 0:01:18]} Qxg2+ {[%clk 0:00:41]} 53. Kf4 {[%clk 0:01:03]} Qh2+
{[%clk 0:00:43]} 54. Kg4 {[%clk 0:00:59]} Qg2+ {[%clk 0:00:50]} 55. Kf4
{[%clk 0:01:02]} Qxa2 {[%clk 0:00:26]} 56. e5+ {[%clk 0:01:07]} dxe5+
{[%clk 0:00:20]} 57. Qxe5+ {[%clk 0:01:17]} Kf7 {[%clk 0:00:30]} 58. Qe6+
{[%clk 0:01:21]} Kf8 {[%clk 0:00:38]} 59. Qf6+ {[%clk 0:01:17]} Ke8
{[%clk 0:00:47]} 60. Qe6+ {[%clk 0:01:26]} Kf8 {[%clk 0:00:54]} 61. Qf6+
{[%clk 0:01:35]} 1/2-1/2

[Event "Mundial Fide Femenino"]
[Site "?"]
[Date "2021.09.30"]
[Round "7.11"]
[White "Fataliyeva, Ulviyya"]
[Black "Arabidze, Meri"]
[Result "1-0"]
[BlackElo "2434"]
[WhiteElo "2310"]
[LiveChessVersion "1.4.8"]

1. d4 {[%clk 0:45:19]} Nf6 {[%clk 0:45:10]} 2. Bg5 {[%clk 0:45:26]} d5
{[%clk 0:45:04]} 3. Bxf6 {[%clk 0:45:34]} exf6 {[%clk 0:45:11]} 4. e3
{[%clk 0:45:34]} c6 {[%clk 0:44:37]} 5. Nd2 {[%clk 0:45:13]} Nd7 {[%clk 0:42:56]}
6. Qf3 {[%clk 0:45:16]} g6 {[%clk 0:41:40]} 7. O-O-O {[%clk 0:45:21]} f5
{[%clk 0:41:25]} 8. h4 {[%clk 0:45:22]} Nf6 {[%clk 0:40:48]} 9. Bd3
{[%clk 0:44:52]} Ne4 {[%clk 0:39:04]} 10. h5 {[%clk 0:44:15]} g5 {[%clk 0:37:59]}
11. Qe2 {[%clk 0:44:16]} Qa5 {[%clk 0:33:48]} 12. Bxe4 {[%clk 0:43:24]} dxe4
{[%clk 0:31:09]} 13. Kb1 {[%clk 0:43:08]} Be6 {[%clk 0:31:11]} 14. c4
{[%clk 0:40:18]} O-O-O {[%clk 0:29:21]} 15. Rc1 {[%clk 0:39:31]} Kb8
{[%clk 0:28:53]} 16. Nb3 {[%clk 0:39:11]} Qa4 {[%clk 0:26:42]} 17. Qc2
{[%clk 0:39:06]} Rc8 {[%clk 0:23:44]} 18. Ne2 {[%clk 0:36:27]} h6 19. c5
{[%clk 0:35:19]} Qa6 {[%clk 0:19:55]} 20. Rhd1 {[%clk 0:33:11]} Be7
{[%clk 0:18:35]} 21. Rd2 {[%clk 0:32:32]} Rhd8 {[%clk 0:18:15]} 22. g4
{[%clk 0:32:05]} fxg4 {[%clk 0:13:34]} 23. Qxe4 {[%clk 0:32:10]} Rd5
{[%clk 0:13:40]} 24. Qg2 {[%clk 0:30:42]} f5 {[%clk 0:12:44]} 25. Qh2+
{[%clk 0:30:03]} Ka8 {[%clk 0:12:42]} 26. Nc3 {[%clk 0:30:09]} Qc4 27. Nxd5
{[%clk 0:23:42]} Qxd5 {[%clk 0:07:59]} 28. Qe5 {[%clk 0:23:47]} Rd8
{[%clk 0:06:33]} 29. Qxd5 {[%clk 0:19:47]} Bxd5 {[%clk 0:06:39]} 30. Rdd1
{[%clk 0:18:44]} Bf6 {[%clk 0:05:53]} 31. Nd2 {[%clk 0:18:23]} Kb8
{[%clk 0:05:36]} 32. Rg1 {[%clk 0:17:57]} Re8 {[%clk 0:05:15]} 33. Nc4
{[%clk 0:17:47]} Kc7 {[%clk 0:04:05]} 34. Nd6 {[%clk 0:17:39]} Re6
{[%clk 0:04:14]} 35. Ka1 {[%clk 0:16:52]} Rxd6 {[%clk 0:04:22]} 36. cxd6+
{[%clk 0:16:59]} Kxd6 37. b4 {[%clk 0:15:12]} a6 {[%clk 0:03:58]} 38. Kb2
{[%clk 0:15:13]} Be7 {[%clk 0:03:39]} 39. a4 {[%clk 0:13:17]} Ke6
{[%clk 0:03:48]} 40. b5 {[%clk 0:13:02]} axb5 {[%clk 0:03:52]} 41. axb5
{[%clk 0:13:11]} Bd6 {[%clk 0:03:39]} 42. bxc6 {[%clk 0:11:05]} bxc6
{[%clk 0:02:58]} 43. Ra1 {[%clk 0:08:51]} Bh2 {[%clk 0:03:06]} 44. Rgf1
{[%clk 0:08:05]} g3 {[%clk 0:02:59]} 45. fxg3 {[%clk 0:08:14]} Bxg3
{[%clk 0:03:07]} 46. Kc3 {[%clk 0:07:59]} g4 {[%clk 0:02:22]} 47. Rf4
{[%clk 0:06:20]} Kf6 {[%clk 0:01:20]} 48. Raf1 {[%clk 0:05:42]} Bxf4
{[%clk 0:01:03]} 49. exf4 {[%clk 0:05:51]} g3 {[%clk 0:00:57]} 50. Kd3
{[%clk 0:05:40]} g2 {[%clk 0:01:04]} 51. Rg1 {[%clk 0:05:48]} Bf3
{[%clk 0:00:24]} 52. Ke3 {[%clk 0:05:55]} Bxh5 {[%clk 0:00:31]} 53. Rxg2
{[%clk 0:06:03]} Bf7 {[%clk 0:00:40]} 54. Rc2 {[%clk 0:04:57]} Bd5
{[%clk 0:00:46]} 55. Rh2 {[%clk 0:05:05]} Kg6 {[%clk 0:00:52]} 56. Kf2
{[%clk 0:05:14]} Be4 {[%clk 0:00:28]} 57. Kg3 {[%clk 0:05:23]} Kf6
{[%clk 0:00:19]} 58. Rxh6+ {[%clk 0:05:30]} Ke7 {[%clk 0:00:13]} 59. Kh4
{[%clk 0:05:39]} Kd7 {[%clk 0:00:14]} 60. Kg5 {[%clk 0:05:47]} Ke7
{[%clk 0:00:15]} 61. Rf6 {[%clk 0:05:36]} Kd7 {[%clk 0:00:14]} 62. Rxf5
{[%clk 0:05:24]} Kd6 {[%clk 0:00:23]} 63. Re5 {[%clk 0:05:30]} Bd5
{[%clk 0:00:24]} 64. f5 {[%clk 0:05:32]} 1-0